000 00795nam a2200265 4500
003 OSt
005 20260530113907.0
008 260508b2010 |||||||| |||| 00| 0 eng d
020 _a9786079550301
040 _aICI
_bspa
_cICI
041 _aspa
050 _aNK2014.A1
_bV45.2010
100 1 _aCordera Lascurain Carmen/
_93428
245 1 0 _a20 Años de diseño en México Galería Mexicana de Diseño
260 _aMéxico :
_aChina :
_bArquine ;
_c2010
264 1 _bArquine
_c2010
300 _a180 páginas
_bil. col. ;
_c21 cm
336 _atexto
_2rdacontent
337 _asin medio
_2rdamedia
338 _avolumen
_2rdacarrier
650 _aDecoración de interiores
_96140
700 1 _aÁlvarez, Manuel
_92529
710 _aGalería Mexicana de Diseño
_932888
942 _2lcc
_cBK
_n1
999 _c11979
_d11979